|
|
|
|
| LEADER |
00000ny a22000003n 4500 |
| 005 |
20110520131944.0 |
| 008 |
970513s1996 sp s 000 0 spa c |
| 017 |
|
|
|a Z3369-1996
|
| 020 |
|
|
|a 8476984235
|
| 035 |
|
|
|a 1150
|
| 040 |
|
|
|a UMA.DER
|d UMA.RE
|d vLex
|
| 080 |
|
|
|a 341.9:347.7(043)
|
| 080 |
|
|
|a 347.7:341.9(043)
|
| 090 |
|
|
|c 107
|d 107
|
| 100 |
1 |
|
|a Jimeno Bulnes
|
| 245 |
1 |
3 |
|a La cuestin̤ prejudicial del artc̕ulo 177 TCE
|h [Recurso electrn̤ico]
|c Mar Jimeno Bulnes
|
| 256 |
|
|
|a Servicio en ln̕ea
|
| 260 |
|
|
|a Barcelona :
|b Bosch,
|c 1996
|
| 300 |
|
|
|a 663 p. ;
|c 24 cm
|
| 504 |
|
|
|a Bibliografa̕: p. 535-630
|
| 504 |
|
|
|a Índice
|
| 506 |
1 |
|
|a Contenido solo disponible en los productos indicados
|d vLex Global
|d vLex Global (Academic Edition, excluding Law Schools)
|d vLex Global (U.S. Academic Edition, Law Schools)
|d vLex Global (U.S. Academic Edition, excluding Law Schools)
|d vLex Global (Academic Edition, Law Schools)
|
| 650 |
0 |
7 |
|a Prejudicialidad
|2 Tesauro vLex
|
| 650 |
0 |
7 |
|a Penal
|2 Tesauro vLex
|
| 650 |
0 |
7 |
|a Fornecimento de Tratamento Contra a Drogadiȧo
|2 Tesauro vLex
|
| 740 |
0 |
|
|a vLex Libros (Servicios en ln̕ea)
|
| 856 |
4 |
0 |
|u http://vlex.com/source/1150
|z Acceso restringido
|
| 942 |
|
|
|c BOOK
|
| 999 |
0 |
|
|a International Law
|b Spain
|